000 00824nam a2200217 a 4500
003 0
005 20250618131811.0
008 021121s19uu xx 00 eng d
010 _a-
050 _aPGS HF 5415.33.C45
_b.Ar659 2000
100 _aAragon, Jeuz Ser C.
245 4 _aE-commerce for kids: a tools for selling products to grade 6 students of Southville International School /
_cJeuz Ser C. Aragon.
260 _aLas PiƱas City, Philippines :
_bSouthville International School,
_c2000.
300 _a46 pages :
_billustrations ;
_c28 cm.
504 _aIncludes bibliographic records.
650 _aElectronic commerce
_vChildren
_vMarketing.
650 _aInternet marketing
_vTarget marketing
_vSixth grade students.
650 _aConsumer behavior
_vChildren.
650 _aOnline shopping.
942 _2lcc
_cPASS
999 _c96333
_d96333